UM Logo

Underground in Japan/ (Record no. 6729)

MARC details
000 -LEADER
fixed length control field 00559nam a22001697a 4500
008 - FIXED-LENGTH DATA ELEMENTS--GENERAL INFORMATION
fixed length control field 170426b xxu||||| |||| 00| 0 eng d
020 ## - INTERNATIONAL STANDARD BOOK NUMBER
International Standard Book Number 9715504922
082 ## - DEWEY DECIMAL CLASSIFICATION NUMBER
Edition number 2006
Classification number DFil 304.852
Item number V56
100 ## - MAIN ENTRY--PERSONAL NAME
9 (RLIN) 20373
Personal name Ventura, Rey
245 ## - TITLE STATEMENT
Title Underground in Japan/
Statement of responsibility, etc. Rey Ventura.
260 ## - PUBLICATION, DISTRIBUTION, ETC. (IMPRINT)
Place of publication, distribution, etc. Quezon City:
Name of publisher, distributor, etc. ADMU Press,
Date of publication, distribution, etc. c2006.
300 ## - PHYSICAL DESCRIPTION
Extent vii, 162 pages;
Dimensions 20 cm.
650 #0 - SUBJECT ADDED ENTRY--TOPICAL TERM
9 (RLIN) 20374
Topical term or geographic name as entry element Japan - Emigration and immigration - Social aspects.
650 #0 - SUBJECT ADDED ENTRY--TOPICAL TERM
9 (RLIN) 20375
Topical term or geographic name as entry element Employment in foreign countries.
650 #0 - SUBJECT ADDED ENTRY--TOPICAL TERM
9 (RLIN) 20376
Topical term or geographic name as entry element Migrant workers - Japan.
942 ## - ADDED ENTRY ELEMENTS (KOHA)
Source of classification or shelving scheme Dewey Decimal Classification
Koha item type Filipiniana
Holdings
Withdrawn status Lost status Source of classification or shelving scheme Damaged status Not for loan Collection code Home library Current library Date acquired Source of acquisition Total Checkouts Full call number Barcode Date last seen Price effective from Koha item type
    Dewey Decimal Classification     Filipiniana UM Digos College - LIC UM Digos College - LIC 03/21/2007 Purchased   DFil 952 V56u 2006 19007 05/15/2025 04/26/2017 Filipiniana